<?xml version="1.0" encoding="UTF-8"?>
<collection xmlns="http://www.loc.gov/MARC21/slim">
 <record>
  <leader>00555cam a2200157 7i4500</leader>
  <controlfield tag="001">0000049176</controlfield>
  <controlfield tag="005">20070612090000.0</controlfield>
  <datafield tag="020" ind1="#" ind2="0">
   <subfield code="a">8177541196 </subfield>
  </datafield>
  <datafield tag="090" ind1="0" ind2="0">
   <subfield code="a">QH 76 </subfield>
   <subfield code="b">B5 2004</subfield>
  </datafield>
  <datafield tag="245" ind1="0" ind2="0">
   <subfield code="a">Biodiversity conservation : </subfield>
   <subfield code="b">in managed and forests and protected areas  </subfield>
   <subfield code="c">edited by P.C. Kotwal,Sujoy Banerjee.</subfield>
  </datafield>
  <datafield tag="260" ind1="#" ind2="#">
   <subfield code="a">Petaling Jaya: </subfield>
   <subfield code="b">Bistari Mediabuku Sdn Bhd, </subfield>
   <subfield code="c">2006.</subfield>
  </datafield>
  <datafield tag="300" ind1="#" ind2="#">
   <subfield code="a">206 p.: </subfield>
   <subfield code="b">ill.; </subfield>
   <subfield code="c">23 cm..</subfield>
  </datafield>
  <datafield tag="650" ind1="0" ind2="0">
   <subfield code="a">Biodiversity -- </subfield>
   <subfield code="x">Conservation </subfield>
  </datafield>
  <datafield tag="700" ind1="1" ind2="1">
   <subfield code="a">Banerjee, </subfield>
   <subfield code="h">Sujoy </subfield>
  </datafield>
  <datafield tag="700" ind1="1" ind2="1">
   <subfield code="a">Kotwal, </subfield>
   <subfield code="h">P.C. </subfield>
  </datafield>
  <datafield tag="999" ind1=" " ind2=" ">
   <subfield code="a">1100041611</subfield>
   <subfield code="b">Book</subfield>
   <subfield code="c">Open Shelf</subfield>
   <subfield code="e">KOLEKSI TERBUKA</subfield>
  </datafield>
 </record>
</collection>
